000 00518nam a2200181Ia 4500
008 090124s9999 xx 000 0 und d
082 _b29144
_a1804
100 _aदेऊळगावकर अतुल
245 _a लॉरी बेकर
250 _a1
260 _c1997
300 _a132
600 _aदेऊळगावकर अतुल
630 _a लॉरी बेकर
700 _aदेऊळगावकर अतुल
730 _a लॉरी बेकर
942 _cBOOK
999 _c142598
_d142598